Представление документа в формате RUSMARC

ПолеНазваниеЗначение
  Тип записи a
  Библиографический уровень m
001 Контрольный номер RuMoRGB-006559054
005 Дата корректировки 20230707133327.9
010 Индекс ISBN __
a ISBN 978-5-699-61556-8
d Цена 273-24
021 № государственной регистрации __
b № документа 13-25993
100 Данные общей обработки __
a Данные общей обработки 19130401d2013 |||y1rusy0189 ca
101 Язык документа __
a Язык текста rus
102 Страна публикации __
a Страна публикации ru
102 Страна публикации __
a Страна публикации ru
105 Кодированные данные (монография) __
a Кодированные данные (монография) y zzzz000zy
200 Заглавие и сведения об ответственности __
a Заглавие Фуа-гра из топора
e Сведения, относящиеся к заглавию роман
f Первые сведения об ответственности Дарья Донцова
210 Выходные данные __
a Место издания Москва
c Издательство ЭКСМО
d Дата издания 2013
215 Физическое описание __
a Объем 350 с.
225 Серия (Журнальная рубрика) __
a Серия (Журнальная рубрика) Иронический детектив
606 Тематические рубрики __
a Основная рубрика Художественная литература
606 Тематические рубрики __
a Основная рубрика Современная русская литература (произведения)
610 Ключевые слова __
a Ключевые слова русская современная литература
610 Ключевые слова __
a Ключевые слова романы
686 Индексы других классификаций __
a Индекс ББК 84(2Рос=Рус)6-4
700 Автор _1
a Фамилия Донцова
b Имя Д. А.
g Полное личное имя Дарья Аркадьевна
801 Источник записи _0
a Страна ru
b Организация RuMoRKP
c Дата составления 20130401
801 Источник записи _1
a Страна ru
b Организация RuMoRKP
c Дата составления 20130401
801 Источник записи _2
a Страна ru
b Организация РГБ
c Дата составления 20130401
801 Источник записи _2
a Страна ru
b Организация Центральная районная библиотека им. Г. А. Пирожникова
c Дата составления 20130401
852 Данные о местонахождении __
j Шифр хранения 84(2Рос=Рус)6
i Авторский знак Д 67
b Сигла хранения ООЧ; 8; 19; 26; 29
901 Тип документа __
t Тип документа m
902 Роль лиц __
a Создатель БЗ ОКиО/Ковалева Е.
990 Данные о заказе (DOS) __
j Количество экземпляров (DOS) 5
h N записи в КСУ для Б/У (DOS) 2014-2